Educando a Costa Rica: alfabetización popular, formación docente y género (1880-1950) /

Se investiga la expansión de la educación en Costa Rica durante el periodo de 1880 a 1950, esto a partir de una visión de la misma como experiencia social y cultural. Se presentan cuatro textos: en el primero se compara la alfabetización popular costarricense y nicaragüense con base en los censos de...

Ausführliche Beschreibung

Gespeichert in:
Bibliographische Detailangaben
1. Verfasser: Molina Jiménez, Iván
Weitere Verfasser: Palmer, Steven
Format: Buch
Sprache:Spanish
Veröffentlicht: Costa Rica: EUNED, 2003
Schriftenreihe:Colección Historia Cultural de Costa Rica
Schlagworte:
Tags: Tag hinzufügen
Keine Tags, Fügen Sie den ersten Tag hinzu!

MARC

LEADER 00000nam a22000007a 4500
003 cru CIDCACS/IIS
005 20191213062532.0
007 ta
008 170518t2003 cr ||||| |||| 00| 0 spa d
999 |c 19328  |d 19328 
020 |a 9968312789 
040 |c cru CIDCACS/IIS 
090 |a 06.03.04 M722e 
100 1 |a Molina Jiménez, Iván  |9 1957 
245 1 |a Educando a Costa Rica:  |b alfabetización popular, formación docente y género (1880-1950) /  |c Iván Molina Jiménez, Steven Palmer 
260 |a Costa Rica:  |b EUNED,  |c 2003 
300 |a 306 páginas:  |b tablas, gráfico, fotos 
440 |9 4781  |a Colección Historia Cultural de Costa Rica  |n n° 1 
520 |a Se investiga la expansión de la educación en Costa Rica durante el periodo de 1880 a 1950, esto a partir de una visión de la misma como experiencia social y cultural. Se presentan cuatro textos: en el primero se compara la alfabetización popular costarricense y nicaragüense con base en los censos de 1920,1927 y 1950. El segundo texto estudia el papel jugado por el Colegio Superior de Señoritas en la preparación de maestras normales, la composición social del cuerpo estudiantil y la participación de las estudiantes y profesoras de esa institución en las movilizaciones populares. En el siguiente texto se aborda la feminización de la ocupación docente en la enseñanza primaria. El último trabajo es un estudio sobre el papel jugado por la Fundación Rockefeller en el inicio de la salubridad pública en Centroamérica, y en particular la alianza estratégica entre los programas sanitarios y el sistema escolar en Costa Rica. 
650 1 0 |9 3087  |a EDUCACION PUBLICA 
650 1 0 |9 986  |a ESTABLECIMIENTOS DE ENSEÑANZA 
650 1 0 |9 3386  |a DOCENTES 
650 1 0 |9 407  |a SALUD PUBLICA 
651 1 0 |9 32  |a COSTA RICA 
700 1 |9 4782  |a Palmer, Steven 
942 |2 ddc  |c LI